000 00872nam0a22002531 4500
001 rc\2217861
005 20250623064445.0
035 _a(NLR Aleph) 006642027
090 _a4704098
_c4704098
100 _a20110829d1979 |||y0rusy50 ca
101 0 _arus
102 _aRU
105 _ay z |||||
200 1 _aПоражения органа зрения при ядерном взрыве
_eЛекция для слушателей фак. подгот. врачей
210 _aЛенинград
_cБ. и.
_d1979
215 _a30 с.
_d21
300 _aВ надзаг.: Воен.-мед. акад. им. С.М. Кирова
700 1 _aПреображенский
_bП.В.
_gПавел Васильевич
801 0 _aRU
_bNLR
_gpsbo
801 1 _aRU
_bELAR
_2rusmarc
852 _aNLR
_j80-4/27856
899 _aRuMoRGB
_jВО 685/279
942 _cBOOK
980 _aNB